[Event "Girona-ch"]
[Site "Girona"]
[Date "2008.11.30"]
[Round "9"]
[White "Alvarez Serra, Jordi"]
[Black "Alonso Tosco, Jorge"]
[Result "1/2-1/2"]
[WhiteElo "2047"]
[BlackElo "1796"]
[PlyCount "71"]
[EventDate "2008.10.05"]
[EventType "swiss"]
[EventRounds "9"]
[EventCountry "ESP"]
[SourceTitle "EXT 2011"]
[Source "ChessBase"]
[SourceDate "2010.11.26"]
[SourceVersion "1"]
[SourceVersionDate "2010.11.26"]
[SourceQuality "1"]

1. d4 d5 2. c4 e6 3. Nc3 Nf6 4. cxd5 exd5 5. Bf4 c6 6. e3 Be7 7. Bd3 Nbd7 8. Qc2 0-0 9. Nf3 Re8 10. 0-0 Nf8 11. a3 Bg4 12. Ne5 a5 13. Nxg4 Nxg4 14. h3 Nf6 15. Rab1 Ng6 16. Bh2 Bd6 17. b4 Bxh2+ 18. Kxh2 Qd6+ 19. Kg1 axb4 20. axb4 Rec8 21. Bf5 Rc7 22. Rfc1 Ne7 23. Bd3 Rac8 24. b5 cxb5 25. Qb2 b4 26. Nb5 Rxc1+ 27. Rxc1 Rxc1+ 28. Qxc1 Qb6 29. Qb2 Qa5 30. Kf1 g6 31. Ke2 Ne4 32. f3 Nc3+ 33. Nxc3 bxc3 34. Qxb7 Qa2+ 35. Kf1 Qd2 36. Qb8+ 1/2-1/2

[Event "Girona-ch"]
[Site "Girona"]
[Date "2008.11.23"]
[Round "8"]
[White "Ros Bosch, Carles"]
[Black "Alvarez Serra, Jordi"]
[Result "0-1"]
[WhiteElo "1822"]
[BlackElo "2047"]
[PlyCount "80"]
[EventDate "2008.10.05"]
[EventType "swiss"]
[EventRounds "9"]
[EventCountry "ESP"]
[SourceTitle "EXT 2011"]
[Source "ChessBase"]
[SourceDate "2010.11.26"]
[SourceVersion "1"]
[SourceVersionDate "2010.11.26"]
[SourceQuality "1"]

1. e4 c6 2. d4 g6 3. Nc3 d5 4. e5 h5 5. f4 Nh6 6. Nf3 Bg4 7. Be3 Nf5 8. Bf2 Qb6 9. Qd2 Bxf3 10. gxf3 e6 11. Bh3 Ne7 12. Na4 Qc7 13. Nc5 b6 14. Nb3 Nd7 15. Nc1 c5 16. dxc5 Nxc5 17. Nb3 Nc6 18. Nxc5 bxc5 19. Bh4 Be7 20. Bxe7 Qxe7 21. 0-0-0 Qh4 22. Bf1 0-0 23. Rg1 Nd4 24. Rg3 Nf5 25. Rh3 Qe7 26. Bd3 Ng7 27. Rg1 c4 28. Bf1 h4 29. f5 Nxf5 30. f4 Kg7 31. Be2 Qc5 32. Rg2 d4 33. c3 Rad8 34. Bg4 dxc3 35. Qxc3 Qd5 36. Rg1 Qe4 37. Rf1 Qg2 38. Qf3 Qd2+ 39. Kb1 Rb8 40. Qc3 Qg2 0-1

[Event "Girona-ch"]
[Site "Girona"]
[Date "2008.11.02"]
[Round "5"]
[White "Alvarez Serra, Jordi"]
[Black "Pruja Ramirez de Cartagena, Marc"]
[Result "0-1"]
[WhiteElo "2047"]
[BlackElo "2131"]
[PlyCount "60"]
[EventDate "2008.10.05"]
[EventType "swiss"]
[EventRounds "9"]
[EventCountry "ESP"]
[SourceTitle "EXT 2011"]
[Source "ChessBase"]
[SourceDate "2010.11.26"]
[SourceVersion "1"]
[SourceVersionDate "2010.11.26"]
[SourceQuality "1"]

1. d4 Nf6 2. c4 e6 3. Nc3 Bb4 4. Qc2 d6 5. a3 Bxc3+ 6. Qxc3 Ne4 7. Qc2 f5 8. e3 b6 9. Nh3 Bb7 10. f3 Nf6 11. b4 0-0 12. Bb2 Nbd7 13. c5 bxc5 14. bxc5 dxc5 15. dxc5 c6 16. Nf4 Qe7 17. Nd3 Nd5 18. Kf2 e5 19. Rc1 e4 20. Nb4 N7f6 21. Nxd5 Nxd5 22. Bc4 exf3 23. Bxd5+ cxd5 24. g3 Rae8 25. Bd4 Bc6 26. Kxf3 Qg5 27. Rhf1 Rxe3+ 28. Kg2 Re4 29. Qb2 Qg4 30. Rcd1 Re2+ 0-1

[Event "Figueres op 09th"]
[Site "Figueres"]
[Date "2008.08.08"]
[Round "8"]
[White "Alvarez Serra, Jordi"]
[Black "Lillo Castany, Victor"]
[Result "0-1"]
[WhiteElo "1986"]
[BlackElo "2150"]
[PlyCount "90"]
[EventDate "2008.08.02"]
[EventType "swiss"]
[EventRounds "9"]
[EventCountry "ESP"]
[SourceTitle "CBM 125 Extra"]
[Source "ChessBase"]
[SourceDate "2008.09.01"]
[SourceVersion "1"]
[SourceVersionDate "2008.09.01"]
[SourceQuality "1"]

1. d4 Nf6 2. c4 e6 3. Nc3 Bb4 4. Qc2 c5 5. dxc5 0-0 6. a3 Bxc5 7. Nf3 b6 8. Bg5 Be7 9. e3 Bb7 10. Bd3 h6 11. Bh4 Na6 12. b4 Rc8 13. 0-0 Nh5 14. Bxe7 Qxe7 15. Qe2 Nb8 16. Rfc1 Nf6 17. Rc2 Rfd8 18. Rac1 Nc6 19. Nb5 d6 20. Nd2 a6 21. Nd4 Ne5 22. f3 Nxd3 23. Qxd3 Nd7 24. e4 Qg5 25. Rc3 Ne5 26. Qe2 Ng6 27. Qf2 d5 28. exd5 exd5 29. c5 bxc5 30. bxc5 Bc6 31. Nf1 Nf4 32. Kh1 Qg6 33. Qd2 Qf6 34. Ng3 Ne6 35. Ngf5 h5 36. Re1 g6 37. Nxe6 fxe6 38. Nd6 Rc7 39. Rce3 Bd7 40. Kg1 Rb8 41. Qa5 Rc6 42. R3e2 Qd4+ 43. Kf1 Qxc5 44. Qxc5 Rxc5 45. Rd2 Rb6 0-1